Nettara kaniveyalli. (Record no. 114348)
[ view plain ]
| 000 -LEADER | |
|---|---|
| fixed length control field | 00367nam a2200145Ia 4500 |
| 008 - FIXED-LENGTH DATA ELEMENTS--GENERAL INFORMATION | |
| fixed length control field | 210210b2000 xxu||||| |||| 00| 0 eng d |
| 082 ## - DEWEY DECIMAL CLASSIFICATION NUMBER | |
| Classification number | 070.433K VITN |
| 100 ## - MAIN ENTRY--PERSONAL NAME | |
| Personal name | VITHALAMURTI (Ar Ti). |
| 245 ## - TITLE STATEMENT | |
| Title | Nettara kaniveyalli. |
| 260 ## - PUBLICATION, DISTRIBUTION, ETC. | |
| Place of publication, distribution, etc. | Bengaluru. |
| Name of publisher, distributor, etc. | Ai Bi Ech Prakashana |
| Date of publication, distribution, etc. | 2000 |
| 300 ## - PHYSICAL DESCRIPTION | |
| Extent | xiii,77 |
| 650 ## - SUBJECT ADDED ENTRY--TOPICAL TERM | |
| Topical term or geographic name entry element | Kargil |
| 690 ## - LOCAL SUBJECT ADDED ENTRY--TOPICAL TERM (OCLC, RLIN) | |
| Topical term or geographic name as entry element | Journalism |
| 906 ## - LOCAL DATA ELEMENT F, LDF (RLIN) | |
| a | SG03397 |
| Withdrawn status | Lost status | Damaged status | Not for loan | Collection code | Home library | Current library | Shelving location | Date acquired | Source of acquisition | Cost, normal purchase price | Total Checkouts | Full call number | Barcode | Date last seen | Price effective from | Koha item type |
|---|---|---|---|---|---|---|---|---|---|---|---|---|---|---|---|---|
| St Aloysius Library | St Aloysius Library | 02/17/2021 | Athree Book Centre, Mangalore-01. | 60.00 | 070.433K VITN | SG03397 | 02/17/2021 | 02/17/2021 | Special Grants |